La universidad latinoamericana

Salvato in:
Dettagli Bibliografici
Autore principale: Atcon, Rudolph P (Autore)
Natura: Libro
Lingua:spagnolo
Pubblicazione: Bogotá Eco Revista de la Cultura de Occidente 1966
Soggetti:
Tags: Aggiungi Tag
Nessun Tag, puoi essere il primo ad aggiungerne!!

MARC

LEADER 00000nam a2200000 a 4500
001 UCU0071
003 CL-VaPUC
008 960315e19660000CK |||||||||||||||||spa|d
082 0 4 |a 378.103  |b ATC  |2 21 
100 0 |a Atcon, Rudolph P  |e author  |9 355043 
245 1 3 |a La universidad latinoamericana 
300 |a 160 p 
942 |c BK 
945 |d 19960315 00:00:00  |a lriquelm 
260 |a Bogotá  |b Eco Revista de la Cultura de Occidente  |c 1966 
650 0 |a Universidades  |9 256317 
650 0 |a Educación superior   |9 223851 
650 0 |a Desarrollo económico y social   |9 256320 
650 7 |a EDUCACION Y DESARROLLO  |2 CL-VaPUC  |9 324696 
650 0 |a Política educacional  |9 308011 
651 0 |a América Latina   |9 255027 
583 |a last modification  |c 19960315 00:00:00  |k Rodrigo Vera 
999 |c 245018  |d 245016 
952 |0 0  |1 0  |4 0  |6 378_103000000000000_ATC_1966  |7 0  |8 P  |9 259347  |a BIBEDU  |b BIBEDU  |c BIBEDU_PB  |d 2019-11-19  |i 1631373  |o 378.103 ATC 1966  |p 1631373  |r 2024-01-25  |w 2019-11-19  |y BK  |k EDU